000 00798nam a2200217 a 4500
999 _c20271
_d20271
005 20200219060414.0
008 180724s2017 ck a||||r|||| 00| 0 spa d
040 _aCO-BoIAVH
_cCO-BoIAVH
041 0 _aspa
044 _ack
090 _aFG-
_b0291
110 2 _aSiB Colombia
245 1 0 _aCrear Compartir Transformar
_bGuía de acceso abierto del SiB Colombia /
260 _aBogotá (Colombia) :
_bSiB Colombia,
_c2017.
300 _a23 páginas :
_bilustraciones a color ;
_c21 x 14 cm. +
_e5 fichas
610 2 0 _aSiB Colombia
_xAcceso a la información
_vGuías
650 2 6 _aBiodiversidad
_xAcceso abierto
_zColombia
_vGuías
650 2 6 _aDatos abiertos
_zColombia
_vGuías
650 2 6 _aCiencia participativa
_zColombia
_vGuías
942 _2ddc
_cFolleto